| 000 | 00000nas 2200000za 4500 |
| 001 | 9.502881 |
| 003 | CaOODSP |
| 005 | 20221107133151 |
| 007 | cr ||||||||||| |
| 008 | 150406d19971999oncmr p o f0 b0fre|d |
| 022 | |a1493-5732 |
| 040 | |aCaOODSP|bfre |
| 043 | |an-cnm--|an-cn-qu|an-cn-nf |
| 086 | 1 |aT34-14-1F-PDF |
| 222 | 0|aÉdition de l'Est des avis aux navigateurs |b(En ligne) |
| 245 | 00|aÉdition de l'Est des avis aux navigateurs |h[ressource électronique] / |cGarde côtière canadienne. |
| 260 | |a[Ottawa] :|bPêches et Océans Canada = Fisheries and Oceans Canada, |c[1997-1999] |
| 310 | |aMensuel |
| 362 | 0 |aVol. 22e, éd. mensuelle no 06 (27 juin 1997)-v. 24, éd. mensuelle no 12 (déc. 31, 1999). |
| 500 | |aPubl. aussi en anglais sous le titre : Eastern edition of notices to mariners. |
| 691 | 07|aSystème d'aide à la navigation|2gcpds |
| 691 | 07|aProvinces atlantiques|2gcpds |
| 691 | 07|aSécurité nautique|2gcpds |
| 710 | 2 |aGarde côtière canadienne. |
| 710 | 1 |aCanada. |bMinistère des pêches et des océans. |
| 775 | 08|tEastern edition of notices to mariners |w(CaOODSP)9.506485 |
| 776 | 0#|tPublication des avis aux navigateurs. Édition de l'Est / |w(CaOODSP)9.512755 |
| 785 | 00|tAvis aux navigateurs. |w(CaOODSP)9.502803 |